Discuso pronunciado por el ... señor doctor Manuel Viñas y Grangés, presidente de la Junta de Letrados de la Sociedad Económica Gerundense de Amigos del Pais, en la sesion de apertura celebrada por la misma el dia 7 de febrero de 1881. (Record no. 167650)

MARC details
000 -LEADER
campo de control de longitud fija 00786nam a22001695i 4500
001 - NÚMERO DE CONTROL
campo de control 167650
003 - IDENTIFICADOR DE NÚMERO DE CONTROL
campo de control ES-MaACL
005 - FECHA Y HORA DE LA ÚLTIMA TRANSACCIÓN
campo de control 20230906213552.0
008 - DATOS DE LONGITUD FIJA--INFORMACIÓN GENERAL
campo de control de longitud fija 050929s1881 sp | |||||||| ||spa d
040 ## - FUENTE DE CATALOGACIÓN
Centro catalogador/agencia de origen CAM
Lengua de catalogación spa
Centro/agencia transcriptor CAM
100 1# - ENTRADA PRINCIPAL--NOMBRE DE PERSONA
Nombre de persona Viñas y Grangés, Manuel.
9 (RLIN) 133814
245 10 - MENCIÓN DEL TÍTULO
Título Discuso pronunciado por el ... señor doctor Manuel Viñas y Grangés, presidente de la Junta de Letrados de la Sociedad Económica Gerundense de Amigos del Pais, en la sesion de apertura celebrada por la misma el dia 7 de febrero de 1881.
260 ## - PUBLICACIÓN, DISTRIBUCIÓN, ETC.
Lugar de publicación, distribución, etc. Gerona :
Nombre del editor, distribuidor, etc. [s.n.],
Fecha de publicación, distribución, etc. 1881 (
Fabricante Imprenta de Pablo Puigblanquer)
300 ## - DESCRIPCIÓN FÍSICA
Extensión 11 p. ;
Dimensiones 21 cm.
710 2# - ENTRADA AGREGADA--NOMBRE DE ENTIDAD CORPORATIVA
Nombre de entidad corporativa o nombre de jurisdicción como elemento de entrada Sociedad Económica Gerundense de Amigos del País.
9 (RLIN) 144822
852 ## - LOCALIZACIÓN
Ubicación ES-MaACL
Número de control de estantería T-427-F-18
Nota libre -- Enc. hol.
-- -- Enc. en un vol. facticio
Holdings
Estatus retirado Estado de pérdida Estado de daño No para préstamo Colección Biblioteca de origen Biblioteca actual Ubicación en estantería Fecha de adquisición Total de préstamos Signatura topográfica completa Código de barras Visto por última vez Precio de reemplazo Tipo de ítem Koha
        Colección de folletos Biblioteca del Ateneo de Madrid Biblioteca del Ateneo de Madrid Depósito folletos 17/01/2008   T-427-F-18 1175884 23/02/2023 23/02/2023 Folleto